| 000 | 00763nam a2200229 a 4500 | ||
|---|---|---|---|
| 001 | 13869 | ||
| 003 | BD-JhCC | ||
| 005 | 20240427084322.0 | ||
| 008 | 240427b2007 b |||| ||a| 000 0 b d | ||
| 020 | _a9848309195x | ||
| 035 | _a(BD-JhCC)13869 | ||
| 040 |
_aBD-JhCC _dBD-JhCC |
||
| 041 | _aBengali | ||
| 082 |
_a891.443 _bRAH 2007 |
||
| 100 | _a রহমান, মোহাম্মদ লুৎফুর | ||
| 245 |
_a অমৃতের সন্ধানে অমৃতের সন্ধানে / _cমোহাম্মদ লুৎফুর রহমান । |
||
| 260 |
_aঢাকা: _bবিশ্বসাহিত্য ভবন; _c2007. |
||
| 300 |
_a127 p. : _c22 cm. |
||
| 650 | _aBengali Novel | ||
| 942 |
_2ddc _cBK |
||
| 999 |
_c13869 _d13869 |
||